Estación Camacho : carta topográfica /

Gardado en:
Detalles Bibliográficos
Autor Corporativo: Instituto Nacional de Estadística y Geografía
Formato: Mapa
Edición:2a edición
Series:(Carta Topográfica)
Temas:
Etiquetas: Engadir etiqueta
Sen Etiquetas, Sexa o primeiro en etiquetar este rexistro!

MARC

LEADER 00000nem^a2200000^a^4500
001 000303790
005 20250521000000.0
009 20260310112658.459
037 |a Acervo ITESO - Biblioteca 
041 |a GRA 
093 |a G-13-D-78 
110 |a Instituto Nacional de Estadística y Geografía 
240 1 1 |a [Estación Camacho, materiales cartográficos] 
245 1 0 |a Estación Camacho :  |b carta topográfica /  |c INEGI. 
250 |a 2a edición 
255 |a Escala 1 : 50 000 ;  |b Proyección Universal Transversa de Mercator 
264 |a Aguascalientes, México :  |b Instituto Nacional de Estadística y Geografía,  |c 2009-2010 
300 |a 1 mapa 
336 |a imagen cartográfica estática  |b cri  |2 rdacontenido 
337 |a sin mediación  |b n  |2 rdamedio 
338 |a mapa  |b nz  |2 rdasoporte 
440 1 |a (Carta Topográfica) 
522 |a Cartas adyacentes: G13D67, G13D68, G13D69, G13D77, G13D79, G13D87, G13D88, G13D89 
522 |a Vegetación predominante: vegetación silvestre 
522 |a Carta formada por métodos fotogramétricos a partir de fotografías obtenidas en marzo de 1993 
546 |a Edición gráfica con texto en español 
649 |a XX 
650 |a Topografía -  |z México 
650 |a Sierra Santa Cristina 
650 |a Sierra Los Caballos 
650 |a Estación Camacho, Zacatecas -  |x Mapas -  |x Tema Principal 
650 |a Mazapil, Zacatecas -  |x Mapas 
650 |a El Floreño, Durango -  |x Mapas 
650 |a El Garceño, Durango -  |x Mapas 
650 |a La Rosita, Durango -  |x Mapas 
650 |a Palos Altos, Durango -  |x Mapas 
650 |a San Juan de Guadalupe, Durango -  |x Mapas 
650 |a Zacatecas -  |x Mapas 
650 |a Durango -  |x Mapas 
650 |a México -  |x Mapas 
910 |a Fondo General 
920 |a Gráficos - Mapas 
905 |a 503 
901 |a 0500190376  |b IT2  |c MAP  |i D53801  |u 20250521 
902 |a https://opac.biblio.iteso.mx/vufind/Record/000303790